000 00384pab a2200157 454500
008 180718b2006 xxu||||| |||| 00| 0 eng d
100 _aWeiss, Meredith L.
245 _aRejection as freedom? HIV/AIDS organizations and identity
260 _c2006
300 _ap.671-78.
362 _aDec
650 _aAIDS
773 _aPerspective on Politics
908 _aN
909 _a72343
999 _c72343
_d72343